Les finalistes du Championnat d'Europe de football - Statistiques

Statistiques générales
  • Ce quiz a été pris 128 fois
  • Le résultat moyen est 12 sur 13
Statistiques - réponses
Nombre de finales Année Équipe % Correct
3 1984; 2000; 2016 France
100%
2 2020; 2024 Angleterre
98%
5 1964; 1984; 2008, 2012; 2024 Espagne
98%
4 1968; 2000; 2012; 2020 Italie
98%
6 1972; 1976; 1980; 1992; 1996; 2008 Allemagne de l'Ouest / Allemagne
96%
2 2004; 2016 Portugal
96%
4 1960; 1964; 1972; 1988 Union soviétique / Russie
92%
1 2004 Grèce
91%
1 1988 Pays-Bas
88%
1 1992 Danemark
84%
2 1960; 1968 Yougoslavie / Serbie
77%
1 1980 Belgique
76%
2 1976; 1996 Tchécoslovaquie / République tchèque
70%
Aucun quiz correspondant
Distribution des résultats
% des personnes avec chaque résultat
Percentile par nombre de réponses
Votre historique - résultats
Vous n’avez pas pris ce quiz